Ancient peoples of the Punjab : (Record no. 74527)
[ view plain ]
| 000 -LEADER | |
|---|---|
| fixed length control field | 00862nam a2200265 i 4500 |
| 001 - CONTROL NUMBER | |
| control field | 74527 |
| 003 - CONTROL NUMBER IDENTIFIER | |
| rucl marc code | BD-RjUL |
| 005 - DATE AND TIME OF LATEST TRANSACTION | |
| control field | 20211209082551.0 |
| 008 - FIXED-LENGTH DATA ELEMENTS--GENERAL INFORMATION | |
| fixed length control field | 000317s1960 ii 000 0 eng d |
| 035 ## - SYSTEM CONTROL NUMBER | |
| System control number | (CStRLIN)PAUGV2880047-B |
| System control number | BD-RjUL |
| 040 ## - CATALOGING SOURCE | |
| Transcribing agency | UPvMLC |
| Original cataloging agency | BD-RjUL |
| Language of cataloging | eng |
| 041 1# - LANGUAGE CODE | |
| Language code of text/sound track or separate title | eng |
| Language code of original | fre |
| 082 ## - DEWEY DECIMAL CLASSIFICATION NUMBER | |
| Classification number | 572.9545 |
| Author mark and year | PRA 1960 |
| 100 1# - MAIN ENTRY--PERSONAL NAME | |
| Personal name | Przyluski, Jean, |
| Dates associated with a name | 1885- |
| 9 (RLIN) | 223812 |
| 245 10 - TITLE STATEMENT | |
| Title | Ancient peoples of the Punjab : |
| Remainder of title | the Udumbaras and the Salvas / |
| Statement of responsibility, etc. | J. Przyluski ; translated from the French by Chitrabbanu Sen. |
| 260 ## - PUBLICATION, DISTRIBUTION, ETC. (IMPRINT) | |
| Place of publication, distribution, etc. | Calcutta : |
| Name of publisher, distributor, etc. | R.K. Maitra, |
| Date of publication, distribution, etc. | 1960. |
| 300 ## - PHYSICAL DESCRIPTION | |
| Pagination | 62 p. : |
| Illustrations | ill. ; |
| Size | 32 cm. |
| 500 ## - GENERAL NOTE | |
| General note | "Reprint: Indian studies, past & present." |
| 504 ## - BIBLIOGRAPHY, ETC. NOTE | |
| Bibliography, etc | Bibliographical footnotes. |
| 650 ## - SUBJECT ADDED ENTRY--TOPICAL TERM | |
| Topical term or geographic name as entry element | Audumbara (Indic people) |
| 9 (RLIN) | 223813 |
| Topical term or geographic name as entry element | Ethnology |
| 9 (RLIN) | 223814 |
| 651 ## - SUBJECT ADDED ENTRY--GEOGRAPHIC NAME | |
| Geographic name | India |
| Geographic subdivision | Punjab |
| 9 (RLIN) | 223815 |
| 942 ## - ADDED ENTRY ELEMENTS (KOHA) | |
| Source of classification or shelving scheme | Dewey Decimal Classification |
| Koha item type | Books |
| Lost status | Source of classification or shelving scheme | Damaged status | Not for loan | Collection code | Permanent Location | Current Location | Shelving location | Date acquired | Cost, normal purchase price | Total Checkouts | Full call number | Date last seen | Copy number | Koha item type |
|---|---|---|---|---|---|---|---|---|---|---|---|---|---|---|
| Dewey Decimal Classification | Not For Loan | Non-fiction | Central Library, University of Rajshahi | Central Library, University of Rajshahi | Reading Room | 10/07/1962 | 6.36 | 572.9545 PRA 1960 | 15/10/2018 | C-1 | Books |